| 000 | 01107cab a2200337 4500 | ||
|---|---|---|---|
| 001 | ABS59245 | ||
| 008 | 090401t1998 xxu||||| |||| 00| 0 eng d | ||
| 035 | _a(Sirsi) u88211 | ||
| 041 | _aeng | ||
| 100 | _aBooty, F. | ||
| 245 | _aPreventing water pollution | ||
| 260 | _c1998 | ||
| 350 | _a0 | ||
| 490 |
_aFacilities Management _v5(6) August 1998, 10-11(2) |
||
| 520 | _aLooks at the main causes of surface water contamination, and examines best management practices to minimise diffuse pollution. Includes a case study of Motorola`s Easter Inch plant in Scotland, which makes use of three linked ponds to provide sustainable drainage structures. | ||
| 650 | _aBEST MANAGEMENT PRACTICES | ||
| 650 | _aCONTAMINANTS | ||
| 650 | _aDETENTION PONDS | ||
| 650 | _aDIRECTIVE 80/68/EEC | ||
| 650 | _aFRENCH DRAINS | ||
| 650 | _aINFILTRATION TRENCHES | ||
| 650 | _aPOROUS PAVEMENTS | ||
| 650 | _aRETENTION PONDS | ||
| 650 | _aSTORM WATER WETLANDS | ||
| 650 | _aSURFACE WATER | ||
| 650 | _aSWALES | ||
| 650 | _aWATER POLLUTION | ||
| 690 | _aWATER | ||
| 942 | _n0 | ||
| 948 | _c02/09/1998 | ||
| 999 |
_c55725 _d55725 |
||